| 000 | 00985nam a22003137a 4500 | ||
|---|---|---|---|
| 003 | CHAP | ||
| 005 | 20220817041014.0 | ||
| 008 | 971013s1989 r 00010 d | ||
| 010 | _a4426 | ||
| 011 | _a5398 | ||
| 035 | _a4605 | ||
| 040 | _cCHAP | ||
| 082 |
_a663.2 _bP4Y 1971 |
||
| 100 | 0 | 0 |
_aPeynaud, Emile. _987710 |
| 245 |
_aEnología práctica _b: conocimiento y elaboración del vino |
||
| 260 |
_aMadrid : _bMundi-Prensa, _c1989 |
||
| 300 |
_a406 p. _b: ilus. |
||
| 500 | _a53-269 | ||
| 500 | _aTrad. de: Connaissance et travail du vin, 2a. ed. de 1971 | ||
| 590 |
_aBATCH-UPD _b10 _c20130110 _lUCH01 _h1130 |
||
| 590 |
_aBATCH-UPD _b10 _c20130410 _lUCH01 _h0719 |
||
| 590 |
_aBATCH-UPD _b10 _c20130914 _lUCH01 _h1912 |
||
| 590 |
_aCONVERSION _b10 _c20130109 _lUCH01 _h1304 |
||
| 650 | 1 | 4 |
_aVino _xElaboración. _9119861 |
| 650 | 1 | 4 | _aViticultura. |
| 901 | _aBK | ||
| 942 | _cLIBRO | ||
| 949 |
_a663.2 P4Y 1971 _bBC _cLIBRO _d33724000130829 _eLIBRO _gI. 156107 _h79445 _i4605 _si _t119.20 |
||
| 999 |
_c4426 _d4426 |
||